आनंदाचे आवारु श्रीमद् भागवत / (Record no. 71688)

MARC details
000 -LEADER
fixed length control field 01141nam a22002417a 4500
005 - DATE AND TIME OF LATEST TRANSACTION
control field 20121010141910.0
008 - FIXED-LENGTH DATA ELEMENTS--GENERAL INFORMATION
fixed length control field 121010t xxu||||| |||| 00| 0 mar d
010 ## - LCCN (DPL NO)
LC control number MAR-22810
020 ## - INTERNATIONAL STANDARD BOOK NUMBER
Terms of availability 250.00
035 ## - SYSTEM CONTROL NUMBER
System control number MR-15468
037 ## - SOURCE OF ACQUISITION
Source of stock number/acquisition DBAD/PUB
040 ## - CATALOGING SOURCE
Original cataloging agency DPL
Language of cataloging MR
082 ## - DEWEY DECIMAL CLASSIFICATION NUMBER
Classification number 294.5924
100 ## - MAIN ENTRY--PERSONAL NAME
9 (RLIN) 53016
245 ## - TITLE STATEMENT
Title आनंदाचे आवारु श्रीमद् भागवत /
Remainder of title विद्या देवधर द्वारा संपादित
246 ## - VARYING FORM OF TITLE
Title proper/short title Anandache Awaru Srimadbhavat
Remainder of title edited by Vidhya Devdhar
260 ## - PUBLICATION, DISTRIBUTION, ETC. (IMPRINT)
Place of publication, distribution, etc पुणे
Name of publisher, distributor, etc शिल्पा प्रकाशन
Date of publication, distribution, etc 2012
270 ## - ADDRESS
City पुणे
Address श्री समर्थ अपार्टमेट 580 शनिवार पेठ
Postal code 440030
300 ## - PHYSICAL DESCRIPTION
Extent 384पृ
Dimensions 21सेमी(सजिल्द)
700 ## - ADDED ENTRY--PERSONAL NAME
Personal name देवधर, विद्या
9 (RLIN) 53887
942 ## - ADDED ENTRY ELEMENTS (KOHA)
Source of classification or shelving scheme Dewey Decimal Classification
Item type Marathi Books
Call number suffix आनंदा
Classification part 294.5924
Holdings
Withdrawn status Lost status Source of classification or shelving scheme Damaged status Not for loan Collection code Home library Current library Date acquired Source of acquisition Cost, normal purchase price Total Checkouts Full call number Barcode Date last seen Copy number Cost, replacement price Koha item type
    Dewey Decimal Classification   Not For Loan Non-fiction D.B.Act.Division D.B.Act.Division 27/11/2012 DBAD / PUB 250.00   294.5924 आनंदा MR-15468 27/11/2012 1 250.00 Marathi Books

© Delhi Public Library
Hit Counter
free hit counter